England County Quiz - North Yorkshire - Statistics

General Stats
  • This quiz has been taken 315 times
  • The average score is 11 of 15
Answer Stats
Hint Answer % Correct
Common name for the Cathedral and Metropolitical Church of Saint Peter in York York {Minster}
89%
Picturesque fishing village named for a legendary outlaw from English folklore {Robin} {Hood's} Bay
86%
Popular seaside resort town with two sandy beaches separated by a headland Scarborough
85%
Born in York, this highly regarded actress played the role of 'M' Judi Dench
83%
York's major transportation collection and visitor attraction National {Railway} Museum
82%
Gothic literature character associated with the coastal town of Whitby Dracula
81%
Spa town and tourist destination in the south of the county Harrogate
79%
National Park, the majority of which is located in the west of the county Yorkshire Dales
78%
Official city to the north west of York, known for its cathedral and racecourse Ripon
73%
Another National Park which occupies most of the east of the county North York Moors
72%
River which flows through the city of York Ouse
72%
York museum dedicated to the life if its Nordic inhabitants {Jorvik} Viking Centre
71%
Town in the north of the county which has a namesake in Virginia Richmond
54%
Large and well preserved ruined Cistercian monastery, near the village of Aldfield {Fountains} Abbey
47%
County town Northallerton
47%
No matching quizzes found
Score Distribution
Percent of People with Each Score
Percentile by Number Answered
Your Score History
You have not taken this quiz